| 000 | 01339nam a22003617a 4500 | ||
|---|---|---|---|
| 003 | CHAP | ||
| 005 | 20220329142010.0 | ||
| 008 | 981211d1998 mx a r 00110 spa d | ||
| 010 | _a76853 | ||
| 011 | _a77825 | ||
| 035 | _a87530 | ||
| 040 | _cCHAP | ||
| 090 | _aTesis | ||
| 100 | 0 | 0 |
_aZenil Rubio, Jesús. _9123898 |
| 245 | 1 | 0 |
_aEnsayo de fertilización con nitrógeno y fósforo en Pseudotsuga macrolepis Flous., bajo condiciones de vivero _c/por Jesús Zenil Rubio |
| 260 |
_aChapingo, Méx. : _bEl autor, _c1998. |
||
| 300 |
_a70 h. : _bilus. ; gráfs. ; tablas |
||
| 502 | _aTesis ((Ing. Forestal con Orientación en Silvicultura) -- UACH. División de Ciencias Forestales | ||
| 590 |
_aALEPH _b10 _c20130110 _lUCH01 _h1426 |
||
| 590 |
_aBATCH-UPD _b10 _c20130110 _lUCH01 _h0621 |
||
| 590 |
_aBATCH-UPD _b10 _c20130410 _lUCH01 _h0304 |
||
| 590 |
_aBATCH-UPD _b10 _c20130914 _lUCH01 _h1426 |
||
| 590 |
_aCONVERSION _b10 _c20130109 _lUCH01 _h1342 |
||
| 650 | 1 | 4 |
_aFósforo _xEfecto en pináceas. _942249 |
| 650 | 1 | 4 |
_aNitrógeno _xEfecto en pináceas. _981456 |
| 650 | 1 | 4 |
_aPseudotsuga macrolepis. _992590 |
| 650 | 1 | 4 |
_aViveros forestales. _9120100 |
| 901 | _aBK | ||
| 905 | _aAlejandra Carrasco M. | ||
| 942 | _cFOLL | ||
| 949 |
_bBC _cTES _d33724000707006 _eTS2 _fc.2 _h33331 _i87530 _sb |
||
| 949 |
_bBC _cTES _d875301 _eTS1 _h33330 _i87530 _sb |
||
| 999 |
_c76853 _d76853 |
||